[Event "Gibraltar Challengers B"]
[Site "Gibraltar"]
[Date "2020.01.25"]
[Round "1.18"]
[White "Pakmor, Claus"]
[Black "Godoy Olazabal, Artur"]
[Result "1-0"]
[WhiteElo "1937"]
[BlackElo "2154"]
[PlyCount "59"]
[EventDate "2020.01.25"]
[EventType "swiss"]
[EventRounds "5"]
[EventCountry "GGB"]
[SourceTitle "BritBase"]
[Source "John Saunders"]
[SourceDate "2021.06.05"]
[SourceVersion "1"]
[SourceVersionDate "2021.06.05"]
[SourceQuality "1"]

1. e4 c5 2. Nf3 Nf6 3. e5 Nd5 4. c4 Nc7 5. d4 cxd4 6. Nxd4 g6 7. g3 Bg7 8. Qe2
Nc6 9. Nxc6 dxc6 10. Bg2 Qd4 11. f4 Be6 12. Na3 Qc5 13. Be3 Qb4+ 14. Qd2 a5 15.
O-O O-O 16. Qe2 Rad8 17. g4 f5 18. g5 h6 19. h4 hxg5 20. hxg5 Na8 21. Rac1 Nb6
22. Qf2 Na4 23. Rc2 b5 24. Bd2 Rxd2 25. Qxd2 Nxb2 26. cxb5 Na4 27. Qe3 cxb5 28.
Rb1 Nb2 29. Rbxb2 Qxa3 30. Qxa3 1-0

[Event "Gibraltar Challengers B"]
[Site "Gibraltar"]
[Date "2020.01.25"]
[Round "1.19"]
[White "Longa Yauca, Javier"]
[Black "Aura, Kristian"]
[Result "1-0"]
[WhiteElo "2154"]
[BlackElo "1928"]
[PlyCount "65"]
[EventDate "2020.01.25"]
[EventType "swiss"]
[EventRounds "5"]
[EventCountry "GGB"]
[SourceTitle "BritBase"]
[Source "John Saunders"]
[SourceDate "2021.06.05"]
[SourceVersion "1"]
[SourceVersionDate "2021.06.05"]
[SourceQuality "1"]

1. d4 d5 2. c4 e6 3. Nc3 c6 4. Nf3 Nf6 5. Bg5 dxc4 6. g3 Nbd7 7. Bg2 h6 8. Bf4
b5 9. a4 b4 10. Nb1 Ba6 11. O-O Be7 12. Ne5 Nxe5 13. Bxe5 Rc8 14. e4 O-O 15.
Re1 Qb6 16. Nd2 Rcd8 17. a5 Qb7 18. Nf1 Nd7 19. Bf4 Nc5 20. Qg4 f5 21. exf5
exf5 22. Qe2 Nb3 23. Qe6+ Kh8 24. Bxc6 Qc8 25. Qxe7 Nxa1 26. Be5 Rg8 27. d5 Nc2
28. Rc1 b3 29. Nd2 Rde8 30. Bxe8 Qxe8 31. Qd6 Kh7 32. Bc3 Qg6 33. Qf4 1-0

[Event "Gibraltar Challengers B"]
[Site "Gibraltar"]
[Date "2020.01.25"]
[Round "1.20"]
[White "Fischer, Robert"]
[Black "Royset, Pal"]
[Result "0-1"]
[WhiteElo "1923"]
[BlackElo "2151"]
[PlyCount "68"]
[EventDate "2020.01.25"]
[EventType "swiss"]
[EventRounds "5"]
[EventCountry "GGB"]
[SourceTitle "BritBase"]
[Source "John Saunders"]
[SourceDate "2021.06.05"]
[SourceVersion "1"]
[SourceVersionDate "2021.06.05"]
[SourceQuality "1"]

1. c4 e5 2. g3 Nc6 3. Bg2 g6 4. Nc3 Bg7 5. e4 d6 6. Nge2 f5 7. O-O Be6 8. Nd5
Nf6 9. d3 Nd7 10. Be3 a5 11. d4 fxe4 12. Bg5 Qb8 13. Bxe4 Bh3 14. Re1 O-O 15.
dxe5 Ndxe5 16. Ndf4 Bg4 17. Qd5+ Kh8 18. a3 a4 19. Kg2 Ra5 20. c5 Rxc5 21. Qa2
Nc4 22. h4 N6a5 23. Nd3 Rb5 24. Nc3 Bxc3 25. bxc3 d5 26. Bxg6 hxg6 27. Qc2 Bf5
28. h5 Rb2 29. Qc1 Bxd3 30. Bf6+ Rxf6 31. Qh6+ Kg8 32. Re7 Rfxf2+ 33. Kh3 Qc8+
34. Kh4 Rh2+ 0-1

[Event "Gibraltar Challengers B"]
[Site "Gibraltar"]
[Date "2020.01.25"]
[Round "1.21"]
[White "Voiteanu, Gabriel"]
[Black "Obiamiwe, Paul"]
[Result "1-0"]
[WhiteElo "2133"]
[BlackElo "1920"]
[PlyCount "159"]
[EventDate "2020.01.25"]
[EventType "swiss"]
[EventRounds "5"]
[EventCountry "GGB"]
[SourceTitle "BritBase"]
[Source "John Saunders"]
[SourceDate "2021.06.05"]
[SourceVersion "1"]
[SourceVersionDate "2021.06.05"]
[SourceQuality "1"]

1. d4 Nf6 2. c4 e6 3. g3 d5 4. Bg2 c6 5. Nf3 Nbd7 6. O-O Be7 7. b3 O-O 8. Bb2
b6 9. Nc3 Ba6 10. Re1 dxc4 11. bxc4 Bxc4 12. Nd2 Ba6 13. Bxc6 Rc8 14. Bg2 Nb8
15. Qb3 Qd6 16. e4 Qb4 17. e5 Qxb3 18. axb3 Bb4 19. Rec1 Nfd7 20. f4 Rc7 21.
Ra4 Bxc3 22. Rxc3 Rxc3 23. Bxc3 Rc8 24. Bb4 Rc2 25. Ra1 h6 26. Be4 Rc8 27. h4
f5 28. Bf3 Rc7 29. Kf2 Bb5 30. d5 a5 31. dxe6 axb4 32. exd7 Nxd7 33. Bd5+ Kh7
34. Nc4 Bxc4 35. Bxc4 Nc5 36. Ra8 g6 37. Rb8 Nd7 38. Rd8 Nc5 39. Ke3 Kg7 40.
Rg8+ Kh7 41. Rb8 Nd7 42. Rd8 Nc5 43. Bd5 Kg7 44. Rg8+ Kh7 45. Rd8 Kg7 46. Kd4
Nd7 47. Rg8+ Kh7 48. Re8 Nc5 49. e6 Kg7 50. e7 Kf6 51. Rb8 Kxe7 52. Rxb6 Nd7
53. Rxg6 Rc3 54. Re6+ Kd8 55. Re3 Rc1 56. Be6 Rd1+ 57. Kc4 Nf6 58. Bxf5 Rg1 59.
Rd3+ Ke7 60. Kxb4 Nh5 61. g4 Nxf4 62. Rd7+ Kf6 63. Rd6+ Kg7 64. Rd4 Ne2 65.
Rd7+ Kf6 66. Rd6+ Kg7 67. Rg6+ Kf7 68. Rxh6 Nd4 69. Rh7+ Kf6 70. Rd7 Ke5 71. h5
Rg3 72. Kc4 Nxb3 73. h6 Na5+ 74. Kb5 Nb3 75. h7 Rh3 76. Kc4 Na5+ 77. Kb5 Nb3
78. Rd3 Nd4+ 79. Kc4 Nxf5 80. Rxh3 1-0

[Event "Gibraltar Challengers B"]
[Site "Gibraltar"]
[Date "2020.01.25"]
[Round "1.22"]
[White "Gonzalvez Tamarit, Ivan"]
[Black "Kandic, Milan"]
[Result "0-1"]
[WhiteElo "1918"]
[BlackElo "2132"]
[PlyCount "86"]
[EventDate "2020.01.25"]
[EventType "swiss"]
[EventRounds "5"]
[EventCountry "GGB"]
[SourceTitle "BritBase"]
[Source "John Saunders"]
[SourceDate "2021.06.05"]
[SourceVersion "1"]
[SourceVersionDate "2021.06.05"]
[SourceQuality "1"]

1. Nf3 d6 2. d4 Nf6 3. c4 c6 4. Nc3 Nbd7 5. g3 g6 6. Bg2 Bg7 7. O-O e5 8. e4
O-O 9. h3 Re8 10. Be3 Qc7 11. Rc1 b6 12. Re1 Bb7 13. b4 exd4 14. Nxd4 Rad8 15.
f4 a6 16. Bf2 Nf8 17. Qb3 h5 18. b5 axb5 19. cxb5 c5 20. Nc6 Bxc6 21. bxc6 Re6
22. e5 dxe5 23. fxe5 Rxe5 24. Rxe5 Qxe5 25. Qxb6 Ne6 26. Re1 Qxc3 27. Rxe6 Rf8
28. Re7 Qa1+ 29. Kh2 Qxa2 30. Qxc5 h4 31. c7 hxg3+ 32. Bxg3 Rc8 33. Qc6 Kh7 34.
Qb7 Nh5 35. Qxc8 Nxg3 36. Qg4 Nf5 37. c8=Q Nxe7 38. Qh4+ Bh6 39. Qf8 Nf5 40.
Qfd8 Nxh4 41. Qxh4 Qe6 42. Qf2 Qe5+ 43. Kg1 Be3 0-1

[Event "Gibraltar Challengers B"]
[Site "Gibraltar"]
[Date "2020.01.25"]
[Round "1.23"]
[White "Osuna Vega, Enrique"]
[Black "Ruiz Buendia, Miguel"]
[Result "1-0"]
[WhiteElo "2129"]
[BlackElo "1917"]
[PlyCount "61"]
[EventDate "2020.01.25"]
[EventType "swiss"]
[EventRounds "5"]
[EventCountry "GGB"]
[SourceTitle "BritBase"]
[Source "John Saunders"]
[SourceDate "2021.06.05"]
[SourceVersion "1"]
[SourceVersionDate "2021.06.05"]
[SourceQuality "1"]

1. d4 Nf6 2. Nf3 e6 3. Bf4 b6 4. e3 Bb7 5. Bd3 d5 6. Nbd2 Be7 7. Ne5 O-O 8. Qf3
c5 9. c3 Nc6 10. Qh3 cxd4 11. exd4 g6 12. Bh6 Re8 13. f4 Nxe5 14. fxe5 Ne4 15.
Nxe4 dxe4 16. Bb5 Qd5 17. Bxe8 Rxe8 18. O-O Ba6 19. Rf2 Bd3 20. Qe3 Bf8 21. a3
a5 22. Re1 a4 23. Qf4 Qd7 24. Re3 Bxh6 25. Qxh6 Qe7 26. Rh3 f5 27. exf6 Qf7 28.
Qf4 Rd8 29. Re3 Re8 30. h4 h5 31. g4 1-0

[Event "Gibraltar Challengers B"]
[Site "Gibraltar"]
[Date "2020.01.25"]
[Round "1.24"]
[White "Johnsen, Sylvia"]
[Black "Ruperez, Miguel"]
[Result "0-1"]
[WhiteElo "1902"]
[BlackElo "2126"]
[PlyCount "68"]
[EventDate "2020.01.25"]
[EventType "swiss"]
[EventRounds "5"]
[EventCountry "GGB"]
[SourceTitle "BritBase"]
[Source "John Saunders"]
[SourceDate "2021.06.05"]
[SourceVersion "1"]
[SourceVersionDate "2021.06.05"]
[SourceQuality "1"]

1. e4 c5 2. Nc3 e6 3. g3 Nc6 4. Bg2 Nf6 5. d3 Be7 6. f4 d6 7. Nf3 Rb8 8. a3 b5
9. O-O O-O 10. Qe1 Nd4 11. Nxd4 cxd4 12. Nd1 Bb7 13. c3 dxc3 14. bxc3 Nd7 15.
Be3 Nc5 16. Nf2 Qa5 17. f5 exf5 18. exf5 Bxg2 19. Kxg2 Rfe8 20. Bxc5 dxc5 21.
Ne4 f6 22. Qe2 Qd8 23. Qa2+ Kh8 24. Rad1 Bf8 25. Rfe1 Re5 26. g4 Qe7 27. Kf3
Re8 28. Qc2 Qc7 29. a4 a6 30. axb5 axb5 31. h3 Rd8 32. Qa2 Red5 33. Re3 Qf7 34.
Qa6 Qd7 0-1

[Event "Gibraltar Challengers B"]
[Site "Gibraltar"]
[Date "2020.01.25"]
[Round "1.25"]
[White "Dolzhikova, Olga"]
[Black "Kaplan, Amiram"]
[Result "1-0"]
[WhiteElo "2123"]
[BlackElo "1880"]
[PlyCount "107"]
[EventDate "2020.01.25"]
[EventType "swiss"]
[EventRounds "5"]
[EventCountry "GGB"]
[SourceTitle "BritBase"]
[Source "John Saunders"]
[SourceDate "2021.06.05"]
[SourceVersion "1"]
[SourceVersionDate "2021.06.05"]
[SourceQuality "1"]

1. g3 d5 2. Bg2 Nf6 3. b3 e6 4. Bb2 Be7 5. c4 O-O 6. Nf3 Nbd7 7. O-O Re8 8. Nc3
Bf8 9. d3 Nb6 10. e4 d4 11. Ne2 e5 12. h3 a5 13. Nd2 c5 14. f4 Bd6 15. Nf3 Nbd7
16. Bc1 h6 17. Bd2 Qc7 18. Qe1 Nh5 19. f5 Kh7 20. g4 Nf4 21. Nxf4 exf4 22. e5
Nxe5 23. Nxe5 Rxe5 24. Be4 f6 25. Bxf4 Re7 26. Qg3 Bxf4 27. Qxf4 Qxf4 28. Rxf4
a4 29. Rb1 axb3 30. axb3 Bd7 31. Bxb7 Rb8 32. Be4 Ba4 33. Rf2 Rxb3 34. Ra1 Be8
35. Ra8 h5 36. Rc8 Re5 37. Ra2 Kh6 38. h4 g5 39. Raa8 gxh4 40. g5+ Kxg5 41.
Rxe8 Rxf5 42. Bxf5 Kxf5 43. Rac8 Rxd3 44. Rxc5+ Kg4 45. Rg8+ Kh3 46. Rxh5 Rc3
47. c5 d3 48. Kf2 Rc4 49. Ke3 d2 50. Kxd2 Kh2 51. Kd3 Ra4 52. c6 h3 53. c7 Ra3+
54. Kc2 1-0

[Event "Gibraltar Challengers B"]
[Site "Gibraltar"]
[Date "2020.01.25"]
[Round "1.26"]
[White "O'Neil, Jim"]
[Black "Severijnen, Arjon"]
[Result "0-1"]
[WhiteElo "1870"]
[BlackElo "2120"]
[PlyCount "64"]
[EventDate "2020.01.25"]
[EventType "swiss"]
[EventRounds "5"]
[EventCountry "GGB"]
[SourceTitle "BritBase"]
[Source "John Saunders"]
[SourceDate "2021.06.05"]
[SourceVersion "1"]
[SourceVersionDate "2021.06.05"]
[SourceQuality "1"]

1. d4 Nf6 2. Nc3 d5 3. Bf4 e6 4. e3 a6 5. Nf3 c5 6. a3 b5 7. Bd3 Bb7 8. Ne5 Qb6
9. dxc5 Bxc5 10. b4 Be7 11. Ne2 O-O 12. Nd4 Nbd7 13. Qf3 g6 14. Nxd7 Nxd7 15.
Qg3 Bf6 16. Bc7 Qa7 17. c3 Rfc8 18. Qd6 Be5 19. Qe7 Rxc7 20. O-O Qb6 21. Qh4
Rxc3 22. Rfd1 Bf6 23. Qg3 Ne5 24. Be2 Rac8 25. h4 Qc7 26. h5 Nc6 27. hxg6 Qxg3
28. gxf7+ Kxf7 29. fxg3 Nxd4 30. exd4 Rxg3 31. Rf1 Ke7 32. Rf4 Bg5 0-1

[Event "Gibraltar Challengers B"]
[Site "Gibraltar"]
[Date "2020.01.25"]
[Round "1.27"]
[White "Bengherabi, Khalil"]
[Black "Niharika, Ch"]
[Result "1-0"]
[WhiteElo "2106"]
[BlackElo "1865"]
[PlyCount "95"]
[EventDate "2020.01.25"]
[EventType "swiss"]
[EventRounds "5"]
[EventCountry "GGB"]
[SourceTitle "BritBase"]
[Source "John Saunders"]
[SourceDate "2021.06.05"]
[SourceVersion "1"]
[SourceVersionDate "2021.06.05"]
[SourceQuality "1"]

1. e4 c5 2. Nf3 d6 3. d4 cxd4 4. Nxd4 Nf6 5. Nc3 a6 6. g3 e6 7. Bg2 Qc7 8. O-O
Be7 9. Be3 Nc6 10. Nxc6 bxc6 11. Na4 Rb8 12. c4 c5 13. b3 O-O 14. Nc3 Bb7 15.
g4 Rbd8 16. g5 Ne8 17. f4 f5 18. Qc2 g6 19. Rad1 Ng7 20. Bc1 fxe4 21. Bxe4 Nf5
22. Qg2 Rb8 23. Bxb7 Qxb7 24. Qxb7 Rxb7 25. Rfe1 Nd4 26. Kg2 Rf5 27. Ne4 Rf8
28. Nc3 Bd8 29. Ne4 Be7 30. Nc3 Rd7 31. Re4 Rf5 32. Be3 d5 33. cxd5 exd5 34.
Re5 Rxe5 35. fxe5 Nf5 36. Bf4 d4 37. Ne4 Kf7 38. Rc1 Ne3+ 39. Bxe3 dxe3 40. Kf3
Rd5 41. Kxe3 Rxe5 42. Kf4 Rf5+ 43. Kg4 Ke6 44. h4 Re5 45. Rc4 h5+ 46. gxh6 Rh5
47. Ng5+ Ke5 48. Re4+ 1-0

[Event "Gibraltar Challengers B"]
[Site "Gibraltar"]
[Date "2020.01.25"]
[Round "1.28"]
[White "Auvinen, Esa"]
[Black "Havik, Victor"]
[Result "0-1"]
[WhiteElo "1850"]
[BlackElo "2101"]
[PlyCount "84"]
[EventDate "2020.01.25"]
[EventType "swiss"]
[EventRounds "5"]
[EventCountry "GGB"]
[SourceTitle "BritBase"]
[Source "John Saunders"]
[SourceDate "2021.06.05"]
[SourceVersion "1"]
[SourceVersionDate "2021.06.05"]
[SourceQuality "1"]

1. e4 c5 2. Nf3 d6 3. d4 cxd4 4. Nxd4 Nf6 5. Nc3 a6 6. Bc4 e6 7. Bb3 Be7 8. O-O
O-O 9. Be3 b5 10. f3 Qc7 11. Qd2 Re8 12. Rad1 Nbd7 13. Rfe1 Nc5 14. Bf2 Bb7 15.
Be3 Rad8 16. Qf2 Nxb3 17. Nxb3 Nd7 18. Rd2 Nc5 19. Nxc5 dxc5 20. Red1 Rxd2 21.
Rxd2 Rc8 22. Ne2 Rd8 23. Rxd8+ Qxd8 24. Qe1 b4 25. Qd2 Qc7 26. c3 a5 27. cxb4
axb4 28. b3 Ba6 29. Bf4 Qc6 30. Qc2 f6 31. Be3 Kf7 32. Kf2 Bd6 33. g3 Qb5 34.
Ke1 g6 35. Kf2 f5 36. Bc1 c4 37. exf5 gxf5 38. Be3 c3 39. h3 Bc5 40. Bxc5 Qxc5+
41. Ke1 Qe3 42. Qd1 Bd3 0-1

[Event "Gibraltar Challengers B"]
[Site "Gibraltar"]
[Date "2020.01.25"]
[Round "1.30"]
[White "Erdogan, Hassan"]
[Black "Gonzalez Gonzalez, Alfonso"]
[Result "0-1"]
[WhiteElo "1830"]
[BlackElo "2100"]
[PlyCount "58"]
[EventDate "2020.01.25"]
[EventType "swiss"]
[EventRounds "5"]
[EventCountry "GGB"]
[SourceTitle "BritBase"]
[Source "John Saunders"]
[SourceDate "2021.06.05"]
[SourceVersion "1"]
[SourceVersionDate "2021.06.05"]
[SourceQuality "1"]

1. d4 d5 2. Nf3 Nf6 3. e3 e6 4. Bd3 c5 5. c3 Nc6 6. Nbd2 Qc7 7. O-O Be7 8. Qe2
b6 9. b3 Bb7 10. Bb2 O-O 11. Rac1 e5 12. dxe5 Nxe5 13. Nxe5 Qxe5 14. Nf3 Qh5
15. Ba6 Bc6 16. Bb5 Rac8 17. Bxc6 Rxc6 18. c4 Rd8 19. Rfe1 Re6 20. cxd5 Nxd5
21. Rcd1 Bd6 22. Qc4 Rg6 23. Qh4 Qxh4 24. Nxh4 Re6 25. Nf5 Be5 26. Bxe5 Rxe5
27. e4 Rde8 28. f3 Nc3 29. Rd7 Rxf5 0-1

[Event "Gibraltar Challengers B"]
[Site "Gibraltar"]
[Date "2020.01.25"]
[Round "1.31"]
[White "Schouten, Freek"]
[Black "Garcia-Blazquez Perez, Manuel"]
[Result "1-0"]
[WhiteElo "2084"]
[BlackElo "1825"]
[PlyCount "133"]
[EventDate "2020.01.25"]
[EventType "swiss"]
[EventRounds "5"]
[EventCountry "GGB"]
[SourceTitle "BritBase"]
[Source "John Saunders"]
[SourceDate "2021.06.05"]
[SourceVersion "1"]
[SourceVersionDate "2021.06.05"]
[SourceQuality "1"]

1. d4 f5 2. Bg5 h6 3. Bf4 Nf6 4. e3 d6 5. c4 g5 6. Bg3 Bg7 7. h4 e6 8. hxg5
hxg5 9. Rxh8+ Bxh8 10. Nc3 Nc6 11. Nh3 g4 12. Nf4 Qe7 13. Qd2 Bd7 14. d5 Ne5
15. O-O-O O-O-O 16. Kb1 Nf7 17. dxe6 Bxe6 18. Bh4 Ne5 19. Ncd5 Bxd5 20. cxd5
Qh7 21. Bxf6 Bxf6 22. Ne6 f4+ 23. Qc2 Qxc2+ 24. Kxc2 Rh8 25. exf4 Nf7 26. b3
Rh2 27. Kd3 Bh4 28. g3 Bf6 29. Rd2 Nh6 30. Ke4 Kd7 31. Nd4 c6 32. Bc4 Bxd4 33.
Kxd4 Nf5+ 34. Kc3 c5 35. Be2 Nh6 36. Bd1 b5 37. Kd3 Rh1 38. a4 a6 39. axb5 axb5
40. Kc2 Rh5 41. Be2 b4 42. Bd3 Kc7 43. Bg6 Rh2 44. Re2 Kb6 45. Kd3 Ng8 46. Re6
Rxf2 47. Bf7 Rf3+ 48. Kc2 Ne7 49. Rxe7 Rxg3 50. Rd7 Rg2+ 51. Kc1 Rg1+ 52. Kd2
Rg2+ 53. Ke1 Rb2 54. Rxd6+ Kb7 55. Rc6 g3 56. Kf1 Rxb3 57. Rxc5 Rf3+ 58. Kg2
Rxf4 59. Be6 Kb6 60. Rc8 Kb5 61. Kxg3 Rf6 62. Kg4 b3 63. Kg5 Rf1 64. d6 b2 65.
d7 Rd1 66. d8=Q Rxd8 67. Rxd8 1-0

[Event "Gibraltar Challengers B"]
[Site "Gibraltar"]
[Date "2020.01.25"]
[Round "1.32"]
[White "Olufemi, George"]
[Black "Stolniceanu, Victor-Dumitru"]
[Result "0-1"]
[WhiteElo "1803"]
[BlackElo "2074"]
[PlyCount "98"]
[EventDate "2020.01.25"]
[EventType "swiss"]
[EventRounds "5"]
[EventCountry "GGB"]
[SourceTitle "BritBase"]
[Source "John Saunders"]
[SourceDate "2021.06.05"]
[SourceVersion "1"]
[SourceVersionDate "2021.06.05"]
[SourceQuality "1"]

1. e4 e5 2. Nf3 Nc6 3. d4 exd4 4. Bc4 Bb4+ 5. c3 dxc3 6. O-O d6 7. bxc3 Bc5 8.
Nbd2 Nf6 9. Nb3 Bb6 10. a4 a5 11. Ba3 Bg4 12. Qc2 Bxf3 13. gxf3 Ne5 14. Be2 Nh5
15. Nd4 Nf4 16. Kh1 Qh4 17. Rg1 O-O 18. Rg3 g6 19. Qd2 Kh8 20. Rb1 Rad8 21. Bb2
Nh5 22. Kg2 Nxg3 23. hxg3 Qe7 24. Rh1 Rg8 25. Qh6 Rg7 26. c4 f6 27. Qd2 Qd7 28.
f4 Nf7 29. Rh4 Rf8 30. Bg4 Qe7 31. Ne6 Nd8 32. Nxg7 Kxg7 33. f5 Nf7 34. Bf3 g5
35. Rh1 h6 36. Re1 Qd7 37. Bd1 Qc6 38. Qe2 Re8 39. Qh5 Nh8 40. Bxf6+ Kxf6 41.
Qxh6+ Ke7 42. f6+ Kd8 43. f7 Nxf7 44. Qf6+ Re7 45. Bh5 Qxc4 46. e5 Qe6 47. Qf3
Nxe5 48. Qxb7 g4 49. Rc1 Qf5 0-1

[Event "Gibraltar Challengers B"]
[Site "Gibraltar"]
[Date "2020.01.25"]
[Round "1.33"]
[White "Hamer, Martyn"]
[Black "Kunnavakkam, Sudarshanagopal Vin"]
[Result "1-0"]
[WhiteElo "2069"]
[BlackElo "1786"]
[PlyCount "135"]
[EventDate "2020.01.25"]
[EventType "swiss"]
[EventRounds "5"]
[EventCountry "GGB"]
[SourceTitle "BritBase"]
[Source "John Saunders"]
[SourceDate "2021.06.05"]
[SourceVersion "1"]
[SourceVersionDate "2021.06.05"]
[SourceQuality "1"]

1. d4 c5 2. d5 e6 3. e4 d6 4. Nc3 Nf6 5. Nf3 g6 6. Bg5 Bg7 7. Bb5+ Kf8 8. a4 h6
9. Bh4 a6 10. Be2 e5 11. Nd2 Kg8 12. Nc4 b6 13. Bg3 Kh7 14. f4 exf4 15. Bxf4
Ne8 16. O-O Ra7 17. e5 dxe5 18. Nxe5 Nd6 19. Nc6 Nxc6 20. dxc6 Bd4+ 21. Kh1 Bf5
22. Bf3 Nc4 23. Nd5 Nxb2 24. Qc1 Be6 25. c7 Qf8 26. Nxb6 Qg7 27. Re1 Nc4 28.
Rxe6 fxe6 29. c8=Q Rxc8 30. Nxc8 Rf7 31. Rb1 Bb2 32. Rxb2 Qxb2 33. Qxb2 Nxb2
34. Be5 Nc4 35. Bg3 Nd2 36. Nd6 Rf8 37. Be2 Rb8 38. Kg1 Rb4 39. Bxa6 Rxa4 40.
Bb5 Rb4 41. Bd7 Ne4 42. Nxe4 Rxe4 43. Kf2 Rc4 44. Bxe6 Rxc2+ 45. Kf3 c4 46. Bd5
Rc1 47. Ke3 c3 48. Bf3 Rb1 49. Kd3 Rb3 50. Be5 Rb6 51. Kxc3 Re6 52. Kd4 Ra6 53.
Kd5 Ra5+ 54. Ke6 Ra6+ 55. Bd6 Kg7 56. Bd5 Rb6 57. Ke7 Rb5 58. Bc6 Rf5 59. g4
Rf2 60. Be5+ Kh7 61. h4 h5 62. g5 Re2 63. Ke6 Re3 64. Bg2 Re2 65. Bf1 Re4 66.
Bd3 Re3 67. Bc2 Rh3 68. Kf7 1-0

[Event "Gibraltar Challengers B"]
[Site "Gibraltar"]
[Date "2020.01.25"]
[Round "1.34"]
[White "Tkadlecek, Petr"]
[Black "Ungureanu, Sandu"]
[Result "0-1"]
[WhiteElo "1775"]
[BlackElo "2066"]
[PlyCount "118"]
[EventDate "2020.01.25"]
[EventType "swiss"]
[EventRounds "5"]
[EventCountry "GGB"]
[SourceTitle "BritBase"]
[Source "John Saunders"]
[SourceDate "2021.06.05"]
[SourceVersion "1"]
[SourceVersionDate "2021.06.05"]
[SourceQuality "1"]

1. d4 c6 2. Nf3 d5 3. Bf4 Nf6 4. e3 Bg4 5. Be2 e6 6. h3 Bxf3 7. Bxf3 Bd6 8. Bg5
Nbd7 9. c3 h6 10. Bxf6 Nxf6 11. Nd2 b5 12. a3 a5 13. O-O a4 14. Qc2 O-O 15. Qd3
Qc7 16. Bd1 e5 17. dxe5 Bxe5 18. Bc2 Rfe8 19. Rfe1 Re6 20. Rac1 Rae8 21. Kh1
Bd6 22. Kg1 Qb6 23. Nf3 c5 24. Kh1 g6 25. Kg1 c4 26. Qd4 Bc5 27. Qd2 Kg7 28.
Bb1 Ne4 29. Bxe4 dxe4 30. Nd4 Bxd4 31. cxd4 f5 32. Red1 g5 33. Qc3 Kg6 34. Rc2
Qd6 35. Qe1 f4 36. Qe2 Rf6 37. Qd2 Qd7 38. exf4 gxf4 39. Qe2 f3 40. Qe3 fxg2
41. Qg3+ Kh7 42. Rc3 Qf5 43. Re3 Rg8 44. Qh4 Re6 45. Rde1 Rge8 46. Qg3 R8e7 47.
Qg4 Qxg4 48. hxg4 Kg6 49. f3 Kg5 50. Rxe4 Rxe4 51. Rxe4 Rxe4 52. fxe4 b4 53.
axb4 c3 54. bxc3 a3 55. d5 a2 56. c4 Kxg4 57. Kxg2 a1=Q 58. b5 Qb2+ 59. Kf1 Kf3
0-1

[Event "Gibraltar Challengers B"]
[Site "Gibraltar"]
[Date "2020.01.25"]
[Round "1.35"]
[White "Kukic, Boris"]
[Black "Ankitha, Goud Palle"]
[Result "0-1"]
[WhiteElo "2056"]
[BlackElo "1761"]
[PlyCount "78"]
[EventDate "2020.01.25"]
[EventType "swiss"]
[EventRounds "5"]
[EventCountry "GGB"]
[SourceTitle "BritBase"]
[Source "John Saunders"]
[SourceDate "2021.06.05"]
[SourceVersion "1"]
[SourceVersionDate "2021.06.05"]
[SourceQuality "1"]

1. d4 d5 2. Bf4 Nf6 3. e3 g6 4. h3 Bg7 5. Nf3 O-O 6. Be2 b6 7. O-O Bb7 8. Ne5
Nbd7 9. Nd2 c5 10. c3 Ne8 11. Ndf3 f6 12. Ng4 g5 13. Bxg5 fxg5 14. Nxg5 Rf5 15.
Ne6 Qc8 16. Bd3 Rh5 17. f4 Nef6 18. f5 Ne4 19. Bxe4 dxe4 20. Rf4 Kh8 21. Nxg7
Kxg7 22. Ne5 Nf6 23. Qf1 Nd5 24. Rg4+ Kf8 25. Qf2 Rxf5 26. Qh4 Nf6 27. Qh6+ Ke8
28. Rg7 Qe6 29. Rxh7 Rxe5 30. dxe5 Qxe5 31. Qg7 Qd6 32. Rh6 Kd7 33. Rf1 Rg8 34.
Qf7 Qd2 35. Rf2 Qe1+ 36. Rf1 Qxe3+ 37. Kh1 Qxh6 38. Rxf6 Qxf6 39. Qxg8 Qd6 0-1

[Event "Gibraltar Challengers B"]
[Site "Gibraltar"]
[Date "2020.01.25"]
[Round "1.37"]
[White "Karlsson, Jorgen"]
[Black "Lafour, Jephte"]
[Result "1-0"]
[WhiteElo "2054"]
[BlackElo "1690"]
[PlyCount "123"]
[EventDate "2020.01.25"]
[EventType "swiss"]
[EventRounds "5"]
[EventCountry "GGB"]
[SourceTitle "BritBase"]
[Source "John Saunders"]
[SourceDate "2021.06.05"]
[SourceVersion "1"]
[SourceVersionDate "2021.06.05"]
[SourceQuality "1"]

1. d4 d5 2. Bf4 Nf6 3. e3 c5 4. Nc3 a6 5. dxc5 Bf5 6. Bd3 Bg6 7. Nf3 e6 8. b4
Be7 9. Na4 Nbd7 10. c3 Ne4 11. O-O O-O 12. Ne5 Nxe5 13. Bxe5 f6 14. Bg3 Be8 15.
Bxe4 dxe4 16. Nb6 Qxd1 17. Rfxd1 Rd8 18. Bc7 Rd3 19. Rxd3 exd3 20. Rd1 Bg6 21.
f3 a5 22. Bd6 axb4 23. cxb4 Re8 24. Bxe7 Rxe7 25. e4 e5 26. Rxd3 f5 27. Rd8+
Kf7 28. Nc8 Rc7 29. exf5 Bxf5 30. Nd6+ Kg6 31. Re8 Kf6 32. Rf8+ Ke6 33. Nxf5 g6
34. Ne3 Rd7 35. Re8+ Kf7 36. Rxe5 Rd2 37. a4 Ra2 38. a5 h5 39. h4 Kf6 40. Re4
Rd2 41. Nc4 Rd1+ 42. Kf2 Rb1 43. Nd6 Rb2+ 44. Kg3 g5 45. hxg5+ Kxg5 46. f4+ Kf6
47. Nxb7 h4+ 48. Kh3 Rb1 49. Kxh4 Rh1+ 50. Kg4 Rh7 51. Nd6 Rg7+ 52. Kf3 Rg8 53.
g4 Rh8 54. g5+ Kg7 55. f5 Rh3+ 56. Kg4 Rh1 57. Re7+ Kg8 58. f6 Rf1 59. Kh5 Rg1
60. Kg6 Rxg5+ 61. Kxg5 Kf8 62. Re8# 1-0

[Event "Gibraltar Challengers B"]
[Site "Gibraltar"]
[Date "2020.01.25"]
[Round "1.38"]
[White "Nergard, Ole-Kristian"]
[Black "George, Lolomari Erekosima"]
[Result "1/2-1/2"]
[WhiteElo "1667"]
[BlackElo "2053"]
[PlyCount "84"]
[EventDate "2020.01.25"]
[EventType "swiss"]
[EventRounds "5"]
[EventCountry "GGB"]
[SourceTitle "BritBase"]
[Source "John Saunders"]
[SourceDate "2021.06.05"]
[SourceVersion "1"]
[SourceVersionDate "2021.06.05"]
[SourceQuality "1"]

1. e4 c6 2. Nc3 d5 3. Nf3 Bg4 4. h3 Bh5 5. Be2 e6 6. O-O Bg6 7. d3 d4 8. Nb1 c5
9. Nbd2 Nc6 10. Nc4 Bd6 11. a4 Nge7 12. Nh4 Nc8 13. Nxg6 hxg6 14. f4 N8e7 15.
Qe1 Qd7 16. Bd2 O-O-O 17. a5 Kb8 18. Qf2 Bc7 19. Rfb1 e5 20. b4 cxb4 21. Bxb4
exf4 22. Bd2 g5 23. Rb5 a6 24. Rb2 Rde8 25. Rab1 Nd8 26. Bg4 Qc6 27. Qxd4 Ng6
28. Bb4 Ne5 29. Bd6 Nxc4 30. Bxc7+ Kxc7 31. dxc4 Rxe4 32. Qxg7 Qc5+ 33. Kh2
Rhe8 34. Bf3 Re1 35. Rxb7+ Nxb7 36. Qxf7+ R1e7 37. Rxb7+ Kc8 38. Rxe7 Rxe7 39.
Qg8+ Kc7 40. Qa8 Re1 41. Qb7+ Kd8 42. Qa8+ Kc7 1/2-1/2